<?xml version="1.0" encoding="UTF-8"?>
<marc:record xmlns:marc="http://www.loc.gov/MARC21/slim">
   <marc:leader>00000nam a2200000 a 4500</marc:leader>
   <marc:datafield ind1="1" ind2=" " tag="100">
      <marc:subfield code="a">Conen, Marie-Luise</marc:subfield>
      <marc:subfield code="4">ctb</marc:subfield>
      <marc:subfield code="e">Mitwirkende/-r</marc:subfield>
   </marc:datafield>
   <marc:datafield ind1="1" ind2=" " tag="100">
      <marc:subfield code="a">Cecchin, Gianfranco</marc:subfield>
      <marc:subfield code="4">ctb</marc:subfield>
      <marc:subfield code="e">Mitwirkende/-r</marc:subfield>
   </marc:datafield>
   <marc:datafield ind1="1" ind2=" " tag="100">
      <marc:subfield code="a">Klein, Rudolf</marc:subfield>
      <marc:subfield code="4">ctb</marc:subfield>
      <marc:subfield code="e">Mitwirkende/-r</marc:subfield>
   </marc:datafield>
   <marc:datafield ind1=" " ind2=" " tag="653">
      <marc:subfield code="a">Systemische Familientherapie</marc:subfield>
   </marc:datafield>
   <marc:datafield ind1=" " ind2=" " tag="653">
      <marc:subfield code="a">Psychotherapeut</marc:subfield>
   </marc:datafield>
   <marc:datafield ind1=" " ind2=" " tag="653">
      <marc:subfield code="a">Klient</marc:subfield>
   </marc:datafield>
   <marc:datafield ind1=" " ind2=" " tag="653">
      <marc:subfield code="a">Zwangsmaßnahme</marc:subfield>
   </marc:datafield>
   <marc:datafield ind1="0" ind2="0" tag="245">
      <marc:subfield code="a">Wie kann ich Ihnen helfen, mich wieder loszuwerden?</marc:subfield>
   </marc:datafield>
   <marc:datafield ind1="0" ind2="0" tag="245">
      <marc:subfield code="b">Therapie und Beratung mit unmotivierten Klienten und in Zwangskontexten</marc:subfield>
   </marc:datafield>
   <marc:datafield ind1="0" ind2="0" tag="245">
      <marc:subfield code="c">Marie-Luise Conen/Gianfranco Cecchin. Mit einem Beitr. von Rudolf Klein</marc:subfield>
   </marc:datafield>
   <marc:datafield ind1=" " ind2="1" tag="264">
      <marc:subfield code="a">Heidelberg</marc:subfield>
      <marc:subfield code="b">Carl Auer</marc:subfield>
      <marc:subfield code="c">2009</marc:subfield>
   </marc:datafield>
   <marc:datafield ind1="1" ind2=" " tag="490">
      <marc:subfield code="a">Systemische Therapie</marc:subfield>
   </marc:datafield>
   <marc:datafield ind1=" " ind2=" " tag="250">
      <marc:subfield code="a">2. Aufl.</marc:subfield>
   </marc:datafield>
   <marc:datafield ind1="1" ind2=" " tag="520">
      <marc:subfield code="a">Angaben aus der Verlagsmeldung

Wie kann ich Ihnen helfen, mich wieder los zuwerden? : Therapie und Beratung mit unmotivierten Klienten und in Zwangskontexten.Mit einem Beitrag von Rudolf Klein / von Marie-Luise Conen, Gianfranco Cecchin

Wer als Therapeut oder Berater mit Klienten arbeiten soll, die von sich aus kein Anliegen haben oder nicht beraten werden wollen, hat zwei Möglichkeiten: Er sucht sich andere Klienten, oder er versucht, die Möglichkeiten zu nutzen, die die Situation bietet.

Marie-Luise Conen und Gianfranco Cecchin zeigen mit diesem Buch, dass Unfreiwilligkeit kein Hindernis für eine gute Zusammenarbeit sein muss. Professionellen Helfern bieten sie neue Standpunkte und Konzepte für den Umgang mit unmotivierten Klienten an. Die sind nicht nur in der Jugendhilfe, der Psychiatrie oder im Strafvollzug von großem Nutzen, sondern machen auch in der Jugendgerichtshilfe, in Einrichtungen der Drogenrehabilitation, im Umgang mit Verkehrsstraftätern oder bei häuslicher Gewalt erfolgreiche Interventionen möglich.
</marc:subfield>
   </marc:datafield>
   <marc:datafield ind1=" " ind2=" " tag="020">
      <marc:subfield code="a">9783896706904</marc:subfield>
      <marc:subfield code="9">9783896706904</marc:subfield>
   </marc:datafield>
   <marc:datafield ind1=" " ind2=" " tag="041">
      <marc:subfield code="a">ger</marc:subfield>
   </marc:datafield>
   <marc:datafield ind1=" " ind2=" " tag="300">
      <marc:subfield code="a">288 S.</marc:subfield>
   </marc:datafield>
</marc:record>
